000 00662nam a2200205 i 4500
001 27937
003 ES-MaACL
005 20230906153731.0
007 t|
008 030115s1969 sp ||||1| spa d
100 1 _aBaciocchi, Jean de.
_924498
245 1 3 _aLa Eucaristía /
_cJean de Baciocchi ; [Traducción Comunidad Religiosa del Monasterio de San Benito].
260 _aBarcelona :
_bHerder,
_c1969.
300 _a188 p. ;
_c22 cm.
490 1 _aEl misterio cristiano
710 2 _aComunidad Religiosa del Monasterio de San Benito.
_93137
830 0 _aEl misterio cristiano
_9181121
852 _aES-MaACL
_jC-48518
_bR.69890
999 _c27937
_d27937